Music Quiz

Random Music or Album Quiz

The Beatles at Shea Stadium Quiz Stats

 Plays Quiz not verified by Sporcle

Challenge
Share
Tweet
Embed
Score 0/10 Timer 10:00
0 Plays Today
Album Song % Correct
Help!Help!
97.4%
A Hard Day's NightA Hard Day's Night
89.6%
Please Please MeTwist and Shout
77.6%
Help!Ticket To Ride
73.4%
A Hard Day's NightCan't Buy Me Love
68.8%
B-SideI'm Down
63.5%
SingleI Feel Fine
58.9%
Help!Act Naturally
55.2%
Beatles For SaleBaby's In Black
54.7%
Help!Dizzy Miss Lizzy
53.1%

You're not logged in!

Compare scores with friends on all Sporcle quizzes.
Join for Free
OR
Log In

You Might Also Like...

Show Comments

Extras

Top Quizzes Today


Score Distribution

Your Account Isn't Verified!

In order to create a playlist on Sporcle, you need to verify the email address you used during registration. Go to your Sporcle Settings to finish the process.

Report this User

Report this user for behavior that violates our Community Guidelines.

Details: